| 000 | 00866nam a2200253 i 4500 | ||
|---|---|---|---|
| 001 | 34931 | ||
| 003 | ES-MaACL | ||
| 005 | 20250817062548.0 | ||
| 007 | t| | ||
| 008 | 030211s1979 sp |||| | spa d | ||
| 080 | _a58(063) | ||
| 245 | 0 | 0 |
_aBotánica : _bconferencias / _cSalvador Rivas-Martínez ... [et al.]. |
| 260 |
_aMadrid : _bFundación Juan March, _c[1979] |
||
| 300 |
_a61 p. : _bil. ; _c21 cm. |
||
| 490 | 1 | _aSerie universitaria | |
| 594 | _aConferencias-coloquio celebradas en la Fundación Juan March dentro de las II Semana de Biología, 1979. | ||
| 650 | 4 |
_aBotánica- _vCongresos y asambleas. _9161793 |
|
| 700 | 1 |
_aRivas-Martínez, Salvador. _997581 |
|
| 710 | 2 |
_aFundación Juan March _94346 |
|
| 711 | 2 |
_aSemana de Biología ( _n2ª) _9982 |
|
| 830 | 1 |
_aSerie universitaria _9180747 |
|
| 852 | 4 |
_aES-MaACL _jA-10171 |
|
| 999 |
_c34931 _d34931 |
||